Loading...

Organisational Climate,Job Satisfaction and Managerial Effectiveness

Bibliographic Details
Main Author: Lehal, Ritu
Format: Printed Book
Language:Undetermined
English
Published: New Delhi Deep& Deep Publications 2000
Subjects:
LEADER 00599nam a2200181Ia 4500
008 140306s9999 xx 000 0 und d
020 |a 8176292370 
041 |a eng 
082 |a 658.31422  |b LEH/OR 
100 |a Lehal, Ritu 
245 |a Organisational Climate,Job Satisfaction and Managerial Effectiveness 
260 |a New Delhi  |b Deep& Deep Publications  |c 2000 
300 |a 176 
365 |b Rs.350 
650 |a Job Satisfaction 
942 |2 ddc  |c BK 
999 |c 186115  |d 186115 
952 |0 0  |1 0  |2 ddc  |4 0  |6 658_314220000000000_LEH_OR  |7 0  |9 192064  |a KAUCBV  |b KAUCBV  |g 350.00  |o 658.31422 LEH/OR  |r 2014-03-22  |w 2014-03-22  |y BK